Lewis's Medical-Surgical Nursing: (Record no. 1537)
[ view plain ]
| 000 -LEADER | |
|---|---|
| Fixed length control field | 00919nam a2200289Ia 4500 |
| 003 - CONTROL NUMBER IDENTIFIER | |
| Control field | IIN |
| 005 - DATE AND TIME OF LATEST TRANSACTION | |
| Control field | 20250505113224.0 |
| 008 - FIXED-LENGTH DATA ELEMENTS--GENERAL INFORMATION | |
| Fixed length control field | 231217s2022 xx ad 001 0 eng d |
| 020 ## - INTERNATIONAL STANDARD BOOK NUMBER / ISBN | |
| Price | Rs.2795.00 |
| International Standard Book Number | 9788131262917 |
| 040 ## - CATALOGING SOURCE | |
| Original cataloging agency | IIN |
| Language of cataloging | English |
| 082 ## - DEWEY DECIMAL CLASSIFICATION NUMBER | |
| Classification number | 610.73677 |
| Book Number | HAR |
| 100 1# - MAIN ENTRY--PERSONAL NAME | |
| Personal name | Harding, Mariann M. |
| 245 1# - TITLE STATEMENT | |
| Title | Lewis's Medical-Surgical Nursing: |
| Sub title | assessment and management of clinical problems/ |
| Statement of responsibility | Mariann M. Harding...[et al] |
| 250 ## - EDITION STATEMENT | |
| Edition statement | 4th South Asia ed |
| Remainder of edition statement | Adapted Edited by- Chintamani...[et al] |
| 260 ## - IMPRINT | |
| Name of publisher | Elsevier |
| Place of publication | New Delhi |
| Date of publication | 2022 |
| 300 ## - PHYSICAL DESCRIPTION | |
| Page / Vol. No | xxv, 843-1681p. / V.2 |
| Other physical details | col. ill. |
| 500 ## - GENERAL NOTE | |
| General note | Includes Index |
| 650 1# - SUBJECT ADDED ENTRY--TOPICAL TERM | |
| Topical term | Medical Surgical |
| Form subdivision | Nursing |
| 700 1# - ADDED ENTRY--PERSONAL NAME | |
| Personal name | Kwong, Jeffrey |
| 700 1# - ADDED ENTRY--PERSONAL NAME | |
| Personal name | Roberts, Dottie |
| 700 1# - ADDED ENTRY--PERSONAL NAME | |
| Personal name | Hagler, Debra |
| 700 1# - ADDED ENTRY--PERSONAL NAME | |
| Personal name | Reinisch, Courtney |
| 700 1# - ADDED ENTRY--PERSONAL NAME | |
| Personal name | Chintamani, MS (ed) |
| 700 1# - ADDED ENTRY--PERSONAL NAME | |
| Personal name | Gopichandran, L. (ed) |
| 700 1# - ADDED ENTRY--PERSONAL NAME | |
| Personal name | Mrinalini, Mani (ed) |
| 942 ## - ADDED ENTRY ELEMENTS (KOHA) | |
| Koha item type | Books |
| Withdrawn status | Lost status | Source of classification | Damaged status | Not for loan | Collection code | Home library | Current library | Shelving location | Date acquired | Price | Total Checkouts | Call number | Accession number | Date last seen | Copy number | Price effective from | Koha item type |
|---|---|---|---|---|---|---|---|---|---|---|---|---|---|---|---|---|---|
| Dewey Decimal Classification | IDEAL INSTITUTE OF NURSING | IDEAL INSTITUTE OF NURSING | General Stacks | 17/12/2023 | 2795.00 | 610.73677 HAR | 1531 | 17/12/2023 | 1/ Vol.2 | 17/12/2023 | Books | ||||||
| Dewey Decimal Classification | IDEAL INSTITUTE OF NURSING | IDEAL INSTITUTE OF NURSING | General Stacks | 17/12/2023 | 2795.00 | 610.73677 HAR | 1532 | 17/12/2023 | 2/ Vol.2 | 17/12/2023 | Books | ||||||
| Dewey Decimal Classification | IDEAL INSTITUTE OF NURSING | IDEAL INSTITUTE OF NURSING | General Stacks | 17/12/2023 | 2795.00 | 610.73677 HAR | 1533 | 17/12/2023 | 3/ Vol.2 | 17/12/2023 | Books | ||||||
| Dewey Decimal Classification | Purches Book(set price) | IDEAL INSTITUTE OF NURSING | IDEAL INSTITUTE OF NURSING | General Stacks | 11/03/2025 | 2985.00 | 610.73677 HAR | 1983 | 05/05/2025 | 4/ v.2 | 05/05/2025 | Books |
